000 nam a22 7a 4500
999 _c9355
_d9355
008 180129b ||||| |||| 00| 0 eng d
100 _aKamal, Prakashan
_95602
245 _aSocial Science - VI
260 _aNew Delhi
_bDeepa Publication